<?xml version="1.0" encoding="UTF-8"?>
<record
    xmlns:xsi="http://www.w3.org/2001/XMLSchema-instance"
    xsi:schemaLocation="http://www.loc.gov/MARC21/slim http://www.loc.gov/standards/marcxml/schema/MARC21slim.xsd"
    xmlns="http://www.loc.gov/MARC21/slim">

  <leader>03590cam a2200709 i 4500</leader>
  <datafield tag="999" ind1=" " ind2=" ">
    <subfield code="c">8162</subfield>
    <subfield code="d">8162</subfield>
  </datafield>
  <controlfield tag="001">1788362</controlfield>
  <controlfield tag="003">OSt</controlfield>
  <controlfield tag="005">20190919142757.0</controlfield>
  <controlfield tag="007">tu</controlfield>
  <controlfield tag="008">161214s2016    ii a     b    001 0 eng d</controlfield>
  <datafield tag="010" ind1=" " ind2=" ">
    <subfield code="a">  2016362580</subfield>
  </datafield>
  <datafield tag="015" ind1=" " ind2=" ">
    <subfield code="a">17,A32</subfield>
    <subfield code="2">dnb</subfield>
  </datafield>
  <datafield tag="016" ind1="7" ind2=" ">
    <subfield code="a">1125046309</subfield>
    <subfield code="2">DE-101</subfield>
  </datafield>
  <datafield tag="020" ind1=" " ind2=" ">
    <subfield code="a">9789351481232</subfield>
    <subfield code="q">(HB)</subfield>
  </datafield>
  <datafield tag="020" ind1=" " ind2=" ">
    <subfield code="a">9351481239</subfield>
    <subfield code="q">(HB)</subfield>
  </datafield>
  <datafield tag="020" ind1=" " ind2=" ">
    <subfield code="a">9789351481249</subfield>
    <subfield code="q">(PB)</subfield>
  </datafield>
  <datafield tag="020" ind1=" " ind2=" ">
    <subfield code="a">9351481247</subfield>
  </datafield>
  <datafield tag="025" ind1=" " ind2=" ">
    <subfield code="a">I-E-2016362580; 13-91</subfield>
  </datafield>
  <datafield tag="035" ind1=" " ind2=" ">
    <subfield code="a">(OCoLC)ocn966362884</subfield>
  </datafield>
  <datafield tag="035" ind1=" " ind2=" ">
    <subfield code="a">1788362</subfield>
  </datafield>
  <datafield tag="037" ind1=" " ind2=" ">
    <subfield code="b">Library of Congress -- New Delhi Overseas Office</subfield>
  </datafield>
  <datafield tag="040" ind1=" " ind2=" ">
    <subfield code="a">DKAGE</subfield>
    <subfield code="b">eng</subfield>
    <subfield code="e">rda</subfield>
    <subfield code="c">DLC</subfield>
    <subfield code="d">DKAGE</subfield>
    <subfield code="d">INA</subfield>
    <subfield code="d">MNO</subfield>
    <subfield code="d">OCLCO</subfield>
    <subfield code="d">OCLCA</subfield>
    <subfield code="d">GWDNB</subfield>
    <subfield code="d">OCLCO</subfield>
    <subfield code="d">OCLCA</subfield>
    <subfield code="d">OCLCQ</subfield>
    <subfield code="d">OCLCA</subfield>
    <subfield code="d">OCLCF</subfield>
    <subfield code="d">PTS</subfield>
  </datafield>
  <datafield tag="042" ind1=" " ind2=" ">
    <subfield code="a">lccopycat</subfield>
    <subfield code="a">lcode</subfield>
  </datafield>
  <datafield tag="043" ind1=" " ind2=" ">
    <subfield code="a">a-ii---</subfield>
  </datafield>
  <datafield tag="049" ind1=" " ind2=" ">
    <subfield code="a">PTSS</subfield>
  </datafield>
  <datafield tag="050" ind1="0" ind2="0">
    <subfield code="a">BX8063.I4</subfield>
    <subfield code="b">S36 2016</subfield>
  </datafield>
  <datafield tag="082" ind1="0" ind2="4">
    <subfield code="a">266</subfield>
    <subfield code="2">23</subfield>
    <subfield code="b">SCH366G</subfield>
  </datafield>
  <datafield tag="084" ind1=" " ind2=" ">
    <subfield code="a">230</subfield>
    <subfield code="q">DE-101</subfield>
    <subfield code="2">sdnb</subfield>
  </datafield>
  <datafield tag="100" ind1="1" ind2=" ">
    <subfield code="a">Schoentube, Ulrich,</subfield>
    <subfield code="d">1973-</subfield>
    <subfield code="e">author.</subfield>
  </datafield>
  <datafield tag="245" ind1="1" ind2="0">
    <subfield code="a">Gospel in transformation :</subfield>
    <subfield code="b">rethinking of Gossner's insights, Lutheran heritage in relation to mission /</subfield>
    <subfield code="c">Ulrich Schoentube.</subfield>
  </datafield>
  <datafield tag="250" ind1=" " ind2=" ">
    <subfield code="a">First edition.</subfield>
  </datafield>
  <datafield tag="264" ind1=" " ind2="1">
    <subfield code="a">New Delhi [India] :</subfield>
    <subfield code="b">Christian World Imprints &amp; Gossner Theological College,</subfield>
    <subfield code="c">[2016].</subfield>
  </datafield>
  <datafield tag="264" ind1=" " ind2="4">
    <subfield code="c">&#xFFFD;2016</subfield>
  </datafield>
  <datafield tag="300" ind1=" " ind2=" ">
    <subfield code="a">xvi, 171 pages :</subfield>
    <subfield code="b">illustrations (some color) ;</subfield>
    <subfield code="c">23 cm</subfield>
  </datafield>
  <datafield tag="336" ind1=" " ind2=" ">
    <subfield code="a">text</subfield>
    <subfield code="b">txt</subfield>
    <subfield code="2">rdacontent</subfield>
  </datafield>
  <datafield tag="337" ind1=" " ind2=" ">
    <subfield code="a">unmediated</subfield>
    <subfield code="b">n</subfield>
    <subfield code="2">rdamedia</subfield>
  </datafield>
  <datafield tag="338" ind1=" " ind2=" ">
    <subfield code="a">volume</subfield>
    <subfield code="b">nc</subfield>
    <subfield code="2">rdacarrier</subfield>
  </datafield>
  <datafield tag="500" ind1=" " ind2=" ">
    <subfield code="a">At head of title: Lectures &amp; presentations at the Gossner Theological College.</subfield>
  </datafield>
  <datafield tag="500" ind1=" " ind2=" ">
    <subfield code="a">Edition statement from dust jacket.</subfield>
  </datafield>
  <datafield tag="504" ind1=" " ind2=" ">
    <subfield code="a">Includes bibliographical references (pages [155]-163) and index.</subfield>
  </datafield>
  <datafield tag="505" ind1="0" ind2=" ">
    <subfield code="a">Section 1: Biographical sketches. Johannes Evangelista Gossner -- Gossner's 'Heart of man': origin- reception -- "... and covered me with kisses ... " -- Johann Hinrich Wichern (1808-1881) visiting Johannes Evangelista Gossner in Berlin -- Section 2. Lutheran heritage. Luther and the arts -- The liturgy of the Gossner Church -- Section 3. Social freedom. Mission as misunderstanding : an observation on conversion processes -- Social movement of the Adivasi during the 19th Century in Chotanagpur as reflected in German sources -- Birsa Munda and Thomas Muentzer: evangelical and social freedom -- Section 4. Ecumenical approaches. The Jubilee Centenary of Edinburgh 1910-2010 and its heritage today -- Tolerance and mission -- Reflection by Dr. Manmasih Ekka.</subfield>
  </datafield>
  <datafield tag="520" ind1=" " ind2=" ">
    <subfield code="a">With reference to Chota N&#xFFFD;agpur, Jharkhand State, India.</subfield>
  </datafield>
  <datafield tag="600" ind1="1" ind2="0">
    <subfield code="a">Gossner, Johannes,</subfield>
    <subfield code="d">1773-1858.</subfield>
  </datafield>
  <datafield tag="600" ind1="1" ind2="7">
    <subfield code="a">Gossner, Johannes</subfield>
    <subfield code="d">1773-1858.</subfield>
    <subfield code="2">gnd</subfield>
    <subfield code="0">(DE-588)118540890</subfield>
  </datafield>
  <datafield tag="610" ind1="2" ind2="0">
    <subfield code="a">Gossner Evangelical Lutheran Church.</subfield>
  </datafield>
  <datafield tag="610" ind1="2" ind2="7">
    <subfield code="a">Gossnersche Missionsgesellschaft.</subfield>
    <subfield code="2">gnd</subfield>
    <subfield code="0">(DE-588)4021649-4</subfield>
  </datafield>
  <datafield tag="648" ind1=" " ind2="7">
    <subfield code="a">Geschichte</subfield>
    <subfield code="2">gnd</subfield>
  </datafield>
  <datafield tag="650" ind1=" " ind2="0">
    <subfield code="a">Lutheran Church</subfield>
    <subfield code="x">Missions</subfield>
    <subfield code="z">India</subfield>
    <subfield code="z">Chota N&#xFFFD;agpur.</subfield>
  </datafield>
  <datafield tag="650" ind1=" " ind2="0">
    <subfield code="a">Indigenous peoples</subfield>
    <subfield code="x">Missions</subfield>
    <subfield code="z">India</subfield>
    <subfield code="z">Chota N&#xFFFD;agpur.</subfield>
  </datafield>
  <datafield tag="650" ind1=" " ind2="7">
    <subfield code="a">Missionstheologie.</subfield>
    <subfield code="2">gnd</subfield>
    <subfield code="0">(DE-588)4074863-7</subfield>
  </datafield>
  <datafield tag="650" ind1=" " ind2="7">
    <subfield code="a">Lutherische Theologie.</subfield>
    <subfield code="2">gnd</subfield>
    <subfield code="0">(DE-588)4168346-8</subfield>
  </datafield>
  <datafield tag="650" ind1=" " ind2="7">
    <subfield code="a">Mission.</subfield>
    <subfield code="2">gnd</subfield>
    <subfield code="0">(DE-588)4039567-4</subfield>
  </datafield>
  <datafield tag="650" ind1=" " ind2="7">
    <subfield code="a">&#xFFFD;Okumenische Theologie.</subfield>
    <subfield code="2">gnd</subfield>
    <subfield code="0">(DE-588)4172412-4</subfield>
  </datafield>
  <datafield tag="651" ind1=" " ind2="0">
    <subfield code="a">Chota N&#xFFFD;agpur (India)</subfield>
    <subfield code="x">Church history.</subfield>
  </datafield>
  <datafield tag="651" ind1=" " ind2="7">
    <subfield code="a">Jharkhand.</subfield>
    <subfield code="2">gnd</subfield>
    <subfield code="0">(DE-588)4364512-4</subfield>
  </datafield>
  <datafield tag="655" ind1=" " ind2="7">
    <subfield code="0">(DE-588)4143413-4</subfield>
    <subfield code="0">(DE-101)041434137</subfield>
    <subfield code="a">Aufsatzsammlung.</subfield>
    <subfield code="2">gnd-content</subfield>
  </datafield>
  <datafield tag="655" ind1=" " ind2="7">
    <subfield code="0">(DE-588)4006804-3</subfield>
    <subfield code="0">(DE-101)040068048</subfield>
    <subfield code="a">Biografie.</subfield>
    <subfield code="2">gnd-content</subfield>
  </datafield>
  <datafield tag="710" ind1="2" ind2=" ">
    <subfield code="a">Gossner Theological College,</subfield>
    <subfield code="e">issuing body.</subfield>
  </datafield>
  <datafield tag="856" ind1="4" ind2="1">
    <subfield code="3">Table of contents</subfield>
    <subfield code="u">http://d-nb.info/1125046309/04</subfield>
  </datafield>
  <datafield tag="942" ind1=" " ind2=" ">
    <subfield code="2">ddc</subfield>
    <subfield code="c">BK</subfield>
  </datafield>
  <datafield tag="945" ind1=" " ind2=" ">
    <subfield code="a">MARCIVE20181205</subfield>
  </datafield>
  <datafield tag="952" ind1=" " ind2=" ">
    <subfield code="0">0</subfield>
    <subfield code="1">0</subfield>
    <subfield code="2">ddc</subfield>
    <subfield code="4">0</subfield>
    <subfield code="7">0</subfield>
    <subfield code="8">NFIC</subfield>
    <subfield code="a">HMC</subfield>
    <subfield code="b">HMC</subfield>
    <subfield code="d">2019-09-19</subfield>
    <subfield code="g">600.00</subfield>
    <subfield code="l">0</subfield>
    <subfield code="o">266 SCH366G</subfield>
    <subfield code="p">009278</subfield>
    <subfield code="r">2019-09-19 00:00:00</subfield>
    <subfield code="w">2019-09-19</subfield>
    <subfield code="y">BK</subfield>
  </datafield>
</record>
